[Event "Politiken Cup 2007"]
[Site "Helsingor"]
[Date "2007.07.22"]
[Round "3.64"]
[White "Jorgensen, Kasper Moller"]
[Black "Kaaber, Jacob"]
[Result "0-1"]
[WhiteElo "1954"]
[BlackElo "2162"]
[PlyCount "100"]
[EventDate "2007.??.??"]

1. e4 c5 2. Nf3 d6 3. d4 cxd4 4. Nxd4 Nf6 5. Nc3 a6 6. Bg5 e6 7. f4 Nbd7 8. Be2
Be7 9. Bf3 h6 10. Bh4 Nxe4 11. Bxe7 Nxc3 12. Bxd8 Nxd1 13. Rxd1 Kxd8 14. O-O g6
15. Rfe1 Ke7 16. f5 Ne5 17. fxg6 Nxf3+ 18. Nxf3 fxg6 19. Nd2 b5 20. Nb3 Ra7 21.
Rf1 e5 22. Rf2 Be6 23. Rdf1 Rc7 24. c3 Rcc8 25. Nd2 Rhf8 26. a3 Rxf2 27. Rxf2
Rf8 28. Ne4 Rxf2 29. Nxf2 d5 30. Nd3 Kd6 31. Kf2 Bf5 32. Nc1 Kc5 33. Ke3 g5 34.
Nb3+ Kb6 35. g3 a5 36. Nc1 b4 37. axb4 axb4 38. Na2 bxc3 39. bxc3 Kc5 40. Nc1
Kc4 41. Kd2 Be4 42. Na2 Bb1 43. Nc1 Kc5 44. Ne2 Kd6 45. Ke3 Ke6 46. Ng1 Kf5 47.
Nf3 Ba2 48. Ng1 g4 49. Ne2 Bc4 50. Nc1 h5 0-1

[Event "Politiken Cup 2007"]
[Site "Helsingor"]
[Date "2007.07.22"]
[Round "3.65"]
[White "Soraas, Torben"]
[Black "Andersen, Dag"]
[Result "1-0"]
[WhiteElo "2155"]
[BlackElo "1944"]
[PlyCount "53"]
[EventDate "2007.??.??"]

1. e4 c6 2. d4 d5 3. exd5 cxd5 4. Bd3 Nf6 5. h3 Nc6 6. c3 e6 7. Nf3 Be7 8. O-O
O-O 9. Bf4 b6 10. Nbd2 Bb7 11. Re1 Rc8 12. Ne5 a6 13. Nxc6 Rxc6 14. a4 h6 15.
Qe2 Qa8 16. Nf3 Nd7 17. Bb5 Nb8 18. Bxc6 Nxc6 19. Ne5 Qc8 20. Nxc6 Qxc6 21. Qg4
Kh7 22. Re3 Bf6 23. Qh5 Bc8 24. h4 Qd7 25. g4 Be7 26. g5 Qd8 27. Kh1 1-0

[Event "Politiken Cup 2007"]
[Site "Helsingor"]
[Date "2007.07.22"]
[Round "3.66"]
[White "Nielsen, Jens Holm"]
[Black "Kovachev, Daniel Jakobsen"]
[Result "0-1"]
[WhiteElo "1946"]
[BlackElo "2153"]
[PlyCount "104"]
[EventDate "2007.??.??"]

1. Nc3 d5 2. e4 dxe4 3. Nxe4 Bf5 4. Qf3 Bg6 5. Nc5 c6 6. Nxb7 Qb6 7. Qb3 Nd7 8.
d4 Rb8 9. Nc5 Qa5+ 10. Qc3 Qxc3+ 11. bxc3 Nxc5 12. dxc5 e5 13. Ba3 Nf6 14. Nf3
Nd7 15. Bc4 f6 16. O-O Bxc5 17. Bxc5 Nxc5 18. Bb3 h6 19. Nh4 Be4 20. f4 g5 21.
fxg5 hxg5 22. Nf5 Bxf5 23. Rxf5 Ke7 24. Rff1 Ne4 25. c4 a5 26. Rae1 Nc5 27. a4
Ke6 28. Rf3 f5 29. g4 f4 30. Rf2 Rh4 31. Rfe2 Rxg4+ 32. Kf2 e4 33. Rxe4+ Nxe4+
34. Rxe4+ Kd6 35. c5+ Kxc5 36. Kf3 Rg1 37. Kf2 Rg4 38. Kf3 Rh4 39. Re5+ Kb4 40.
Rxg5 Rf8 41. Be6 Rxh2 42. Bf5 Kxa4 43. Bd3 Rh3+ 44. Kf2 f3 45. Bf5 Rh1 46. Rg4+
Ka3 47. Rf4 Rh5 48. Rxf3+ Kb2 49. Be4 Rh2+ 50. Kg3 Rxf3+ 51. Kxh2 Rf2+ 52. Kg3
Rxc2 0-1

[Event "Politiken Cup 2007"]
[Site "Helsingor"]
[Date "2007.07.22"]
[Round "3.68"]
[White "Peschardt, Soren"]
[Black "Karlsson, Patrik"]
[Result "1/2-1/2"]
[WhiteElo "2137"]
[BlackElo "1934"]
[PlyCount "56"]
[EventDate "2007.??.??"]

1. d4 Nf6 2. Nf3 e6 3. g3 b6 4. Bg2 Bb7 5. O-O c5 6. c4 cxd4 7. Nxd4 Bxg2 8.
Kxg2 Qc8 9. Qd3 Nc6 10. Nxc6 Qxc6+ 11. f3 d5 12. cxd5 Qxd5 13. Qc2 Qc5 14. Nc3
b5 15. Qd3 a6 16. Rd1 Be7 17. Be3 Qc6 18. Ne4 Nxe4 19. Qxe4 Qxe4 20. fxe4 O-O
21. a4 Bf6 22. Bd4 Bxd4 23. Rxd4 Rfd8 24. Rxd8+ Rxd8 25. axb5 axb5 26. Ra5 Rb8
27. b4 e5 28. Kf3 g6 1/2-1/2

[Event "Politiken Cup 2007"]
[Site "Helsingor"]
[Date "2007.07.22"]
[Round "3.69"]
[White "Nielsen, Borge Hjerrild"]
[Black "Almer, Julia"]
[Result "1-0"]
[WhiteElo "2121"]
[BlackElo "1932"]
[PlyCount "95"]
[EventDate "2007.??.??"]

1. d4 e6 2. Nf3 f5 3. g3 Nf6 4. Bg2 d5 5. O-O Bd6 6. Bf4 Bxf4 7. gxf4 O-O 8.
Ne5 Nbd7 9. e3 Ne4 10. Nxd7 Bxd7 11. Nd2 Nf6 12. Nf3 Be8 13. Ne5 Ne4 14. f3 Nd6
15. Qe1 Bb5 16. Rf2 Qh4 17. a4 Be8 18. Bf1 Nf7 19. Nd3 Nd6 20. Ne5 Nf7 21. Nxf7
Rxf7 22. Qd2 Rf6 23. Rg2 Rh6 24. Rg3 Qe7 25. a5 a6 26. b3 c5 27. c3 Rc8 28. Rc1
Qc7 29. dxc5 Qxc5 30. b4 Qe7 31. c4 dxc4 32. Rxc4 Rxc4 33. Bxc4 Bc6 34. Qd4 Rg6
35. Qe5 Kf7 36. Qxf5+ Qf6 37. Bxe6+ Ke7 38. Qxf6+ Rxf6 39. f5 g6 40. e4 Kd6 41.
Kf2 Rf8 42. Ke3 Ke5 43. Rg2 Kf6 44. Rd2 Ke7 45. Kf4 Rf6 46. Ke5 Bb5 47. Bd7
gxf5 48. Bxf5 1-0

[Event "Politiken Cup 2007"]
[Site "Helsingor"]
[Date "2007.07.22"]
[Round "3.70"]
[White "Nielsen, Jacob Woge"]
[Black "Wilsbeck, Jan B"]
[Result "1-0"]
[WhiteElo "2111"]
[BlackElo "1925"]
[PlyCount "47"]
[EventDate "2007.??.??"]

1. e4 c5 2. Nf3 d6 3. d4 cxd4 4. Nxd4 Nf6 5. Nc3 a6 6. f4 Qa5 7. Bd3 Bg4 8. Qd2
Nc6 9. Nxc6 bxc6 10. f5 d5 11. h3 dxe4 12. Nxe4 Qe5 13. Qc3 Qxc3+ 14. bxc3 Bh5
15. Nxf6+ gxf6 16. g4 e5 17. Be4 Kd7 18. Be3 Rb8 19. Ke2 Ba3 20. Rab1 Bb2 21.
Rhd1+ Kc7 22. Bc5 Rb7 23. Bd6+ Kc8 24. Bb4 1-0

[Event "Politiken Cup 2007"]
[Site "Helsingor"]
[Date "2007.07.22"]
[Round "3.71"]
[White "Erikstad, Olav"]
[Black "Struch, Thomas"]
[Result "0-1"]
[WhiteElo "1936"]
[BlackElo "2106"]
[PlyCount "94"]
[EventDate "2007.??.??"]

1. e4 e5 2. f4 Bc5 3. Nf3 d6 4. Bc4 Nf6 5. Nc3 Nc6 6. d3 Bg4 7. Na4 O-O 8. Nxc5
dxc5 9. O-O Qd6 10. Qe1 Bxf3 11. Rxf3 Nd4 12. Rh3 Nxc2 13. Qg3 Qd4+ 14. Kf1
Nxe4 15. Qh4 Qf2+ 16. Qxf2 Nxf2 17. Kxf2 Nxa1 18. fxe5 Nc2 19. Rg3 Nd4 20. Bd5
c6 21. Be4 f5 22. Bf3 Nxf3 23. Kxf3 Rad8 24. Kf4 Rd4+ 25. Kg5 Rg4+ 26. Rxg4
fxg4 27. Kxg4 Rf1 28. Bf4 Kf7 29. h4 Ke6 30. h5 Rf2 31. g3 Rxb2 32. Kh4 Rxa2
33. g4 a5 34. Kg5 a4 35. h6 g6 36. Be3 Ra3 37. Bxc5 Rxd3 38. Bd6 a3 39. Bxa3
Rxa3 40. Kf4 Rd3 41. Kg5 c5 42. Kf4 c4 43. Kg5 c3 44. Kf4 c2 45. Kg5 c1=Q+ 46.
Kh4 g5+ 47. Kh5 Rh3# 0-1

[Event "Politiken Cup 2007"]
[Site "Helsingor"]
[Date "2007.07.22"]
[Round "3.72"]
[White "Cannon, Richard J"]
[Black "Lynge, Torben"]
[Result "1-0"]
[WhiteElo "2104"]
[BlackElo "1920"]
[PlyCount "59"]
[EventDate "2007.??.??"]

1. e4 c6 2. Nc3 d5 3. Nf3 Bg4 4. h3 Bh5 5. exd5 cxd5 6. Bb5+ Nc6 7. g4 Bg6 8.
Ne5 Rc8 9. d4 a6 10. Nxc6 bxc6 11. Bxa6 Ra8 12. Bb7 Rc8 13. Bxc8 Qxc8 14. a4 e6
15. a5 Qa6 16. Qe2 Qa7 17. Be3 Nf6 18. a6 Bb4 19. O-O Bxc3 20. bxc3 Ne4 21. Ra3
O-O 22. Rb1 Nd6 23. Bf4 Nb5 24. Rxb5 cxb5 25. Qxb5 Qe7 26. Qc5 Qf6 27. Qxf8+
Kxf8 28. a7 Qxf4 29. a8=Q+ Ke7 30. Ra7+ 1-0

[Event "Politiken Cup 2007"]
[Site "Helsingor"]
[Date "2007.07.22"]
[Round "3.73"]
[White "Andersen, Harry"]
[Black "Borg, Andrew"]
[Result "0-1"]
[WhiteElo "1912"]
[BlackElo "2102"]
[PlyCount "69"]
[EventDate "2007.??.??"]

1. e4 c6 2. d4 d5 3. e5 c5 4. c3 Nc6 5. Be3 Qb6 6. Na3 c4 7. Rb1 Bf5 8. Nc2 Qa5
9. a3 e6 10. g4 Be4 11. f3 Bg6 12. Ne2 f6 13. f4 Nge7 14. Ng3 Qb6 15. f5 exf5
16. Bxc4 f4 17. Bxf4 dxc4 18. exf6 gxf6 19. O-O Bd3 20. Rf2 O-O-O 21. b3 Qa6
22. Qe1 Nd5 23. Qe6+ Rd7 24. bxc4 Nxf4 25. Rxf4 Bxc2 26. Rb5 Nd8 27. Qe2 Bh6
28. Rc5+ Kb8 29. Qf2 Bxf4 30. Qxf4+ Qd6 31. Qf2 Bg6 32. Rd5 Qe7 33. Qf4+ Rc7
34. c5 Ne6 35. Qf2 0-1

[Event "Politiken Cup 2007"]
[Site "Helsingor"]
[Date "2007.07.22"]
[Round "3.74"]
[White "Pedersen, Dimon Paul"]
[Black "Viljanen, Jouko"]
[Result "1-0"]
[WhiteElo "2092"]
[BlackElo "1917"]
[PlyCount "89"]
[EventDate "2007.??.??"]

1. c4 e6 2. g3 Nf6 3. Bg2 c6 4. Nf3 d5 5. O-O Be7 6. b3 O-O 7. Bb2 Nbd7 8. d3
Ng4 9. Qc2 Bf6 10. Nc3 Nde5 11. Rad1 Nxf3+ 12. Bxf3 Ne5 13. Bg2 d4 14. Ne4 Be7
15. e3 f5 16. Bxd4 fxe4 17. Bxe5 exd3 18. Rxd3 Qe8 19. Qb2 Qg6 20. Rd4 Bf6 21.
Rf4 Bd7 22. Rd1 Be8 23. Bxf6 Rxf6 24. Rxf6 Qxf6 25. Qxf6 gxf6 26. Rd6 Kf7 27.
Bh3 f5 28. e4 Ke7 29. c5 Bg6 30. f4 Rd8 31. e5 Rg8 32. Kf2 Be8 33. Bf1 h5 34.
Rxe6+ Kxe6 35. Bc4+ Ke7 36. Bxg8 Bd7 37. h3 b5 38. b4 Bc8 39. Bb3 Bd7 40. Bd1
Be8 41. g4 Bf7 42. gxf5 Bxa2 43. Bxh5 a5 44. bxa5 b4 45. a6 1-0

[Event "Politiken Cup 2007"]
[Site "Helsingor"]
[Date "2007.07.22"]
[Round "3.77"]
[White "Korley, Kassa"]
[Black "Nohr, Finn"]
[Result "0-1"]
[WhiteElo "1900"]
[BlackElo "2087"]
[PlyCount "78"]
[EventDate "2007.??.??"]

1. d4 Nf6 2. Nf3 d5 3. Bf4 c5 4. e3 Qb6 5. b3 Nc6 6. c3 Bf5 7. Bd3 Bg6 8. h3 e6
9. O-O Be7 10. Bxg6 hxg6 11. Nbd2 Rc8 12. Rc1 O-O 13. Qe2 cxd4 14. exd4 Ba3 15.
Rcd1 Rfd8 16. Qe3 Ne7 17. g4 Bd6 18. Be5 Nd7 19. c4 Nxe5 20. Nxe5 Bxe5 21. Qxe5
Nc6 22. c5 Qb4 23. a3 Qxd4 24. Qxd4 Nxd4 25. b4 b6 26. cxb6 axb6 27. Nb1 Rc4
28. Rd3 Ne2+ 29. Kh2 Nf4 30. Rf3 e5 31. Re1 f6 32. Nc3 d4 33. Na4 d3 34. Rd1 d2
35. Rc3 b5 36. Rxc4 bxc4 37. Nc3 Rd3 38. Nb1 Rxh3+ 39. Kg1 c3 0-1

[Event "Politiken Cup 2007"]
[Site "Helsingor"]
[Date "2007.07.22"]
[Round "3.78"]
[White "Jensen, Michael Agermose"]
[Black "Sjol, Henrik"]
[Result "1-0"]
[WhiteElo "2086"]
[BlackElo "1904"]
[PlyCount "79"]
[EventDate "2007.??.??"]

1. e4 c5 2. d4 cxd4 3. c3 d5 4. exd5 Qxd5 5. cxd4 Nc6 6. Nf3 e6 7. Nc3 Qd8 8.
Bc4 Nf6 9. O-O Be7 10. Be3 O-O 11. Qe2 Nb4 12. Ne5 Nbd5 13. Bd3 Bd7 14. Qf3 Rc8
15. Nxd5 exd5 16. Nxd7 Qxd7 17. Bf5 Qb5 18. Bxc8 Rxc8 19. b3 Ba3 20. Qf5 Re8
21. Bg5 Ne4 22. f3 Nc3 23. Qg4 Qb6 24. Kh1 h6 25. Bd2 Nb5 26. Rae1 Rxe1 27.
Rxe1 Qxd4 28. Re8+ Kh7 29. Qf5+ g6 30. Qxf7+ Qg7 31. Qxg7+ Kxg7 32. Rd8 Nd6 33.
Bf4 Nf5 34. Rxd5 Bb2 35. Rd7+ Kf6 36. Rxb7 Bd4 37. Bb8 a6 38. Ba7 Be5 39. Rb6+
Kf7 40. Rxa6 1-0

[Event "Politiken Cup 2007"]
[Site "Helsingor"]
[Date "2007.07.22"]
[Round "3.79"]
[White "Hernandez Castro, Julio Cesar"]
[Black "Andersen, Lars Rene"]
[Result "0-1"]
[WhiteElo "1898"]
[BlackElo "2081"]
[PlyCount "54"]
[EventDate "2007.??.??"]

1. d4 d5 2. Nf3 Nf6 3. e3 c6 4. Bd3 Bg4 5. b3 e6 6. O-O Nbd7 7. Bb2 Bd6 8. Nbd2
Qc7 9. h3 Bh5 10. c4 O-O 11. cxd5 exd5 12. Qc2 Rfe8 13. Rfe1 Bg6 14. Bxg6 hxg6
15. Ng5 Re7 16. e4 Bf4 17. Ndf3 Bxg5 18. Nxg5 dxe4 19. Nxe4 Rae8 20. Nxf6+ Nxf6
21. Rxe7 Qxe7 22. Kf1 Qd6 23. f3 Qh2 24. Qf2 Nh5 25. Qd2 Ng3+ 26. Kf2 Re2+ 27.
Qxe2 Nxe2 0-1

[Event "Politiken Cup 2007"]
[Site "Helsingor"]
[Date "2007.07.22"]
[Round "3.80"]
[White "Strand, Kjetil"]
[Black "Schmidt, Horst Hubert"]
[Result "1-0"]
[WhiteElo "2081"]
[BlackElo "1896"]
[PlyCount "77"]
[EventDate "2007.??.??"]

1. e4 e6 2. d4 d5 3. Nd2 Nf6 4. e5 Nfd7 5. Bd3 b6 6. f4 c5 7. Ndf3 Ba6 8. Bxa6
Nxa6 9. Ne2 Rc8 10. O-O cxd4 11. Nfxd4 Bc5 12. Kh1 O-O 13. c3 Bxd4 14. Nxd4 Nc7
15. Nc6 Qe8 16. Nxa7 Ra8 17. Nc6 Nc5 18. Nb4 Qb5 19. Be3 Rfd8 20. Bd4 N7a6 21.
f5 Nxb4 22. cxb4 Qxb4 23. f6 g6 24. a3 Qb5 25. Qd2 Qe8 26. Rf3 Qf8 27. h4 Ne4
28. Qf4 Ra4 29. b4 Rda8 30. Kh2 h6 31. Re3 g5 32. Qg4 Kh7 33. Rh3 Qg8 34. Be3
Rxa3 35. hxg5 Nxg5 36. Rxh6+ Kxh6 37. Qh4+ Kg6 38. Qxg5+ Kh7 39. Qh6# 1-0

[Event "Politiken Cup 2007"]
[Site "Helsingor"]
[Date "2007.07.22"]
[Round "3.81"]
[White "Hensbergen, Willem"]
[Black "Tudvad, Mads"]
[Result "1-0"]
[WhiteElo "2076"]
[BlackElo "1873"]
[PlyCount "73"]
[EventDate "2007.??.??"]

1. d4 e6 2. c4 d5 3. Nc3 Nf6 4. Bg5 Be7 5. e3 b6 6. Nf3 Bb7 7. Qc2 Nbd7 8. cxd5
Nxd5 9. Nxd5 Bxd5 10. Bxe7 Qxe7 11. Qxc7 O-O 12. Ba6 Qb4+ 13. Qc3 Qxc3+ 14.
bxc3 Nb8 15. Bd3 Rc8 16. Kd2 a6 17. a4 Nd7 18. e4 Bc4 19. Bxc4 Rxc4 20. Kd3
Rac8 21. Rhc1 f6 22. Nd2 R4c7 23. f4 e5 24. fxe5 fxe5 25. Nb3 Rc4 26. Nc5 bxc5
27. Kxc4 cxd4+ 28. Kd5 d3 29. Rd1 Kf7 30. Kd6 Nb6 31. Kxe5 d2 32. Kf4 Nc4 33.
Rab1 Rd8 34. e5 Rd3 35. Ke4 Rd7 36. Rb4 Na3 37. Rd4 1-0

[Event "Politiken Cup 2007"]
[Site "Helsingor"]
[Date "2007.07.22"]
[Round "3.82"]
[White "Vos, Chris"]
[Black "Oskarsson, Aron Ingi"]
[Result "1-0"]
[WhiteElo "2071"]
[BlackElo "1871"]
[PlyCount "81"]
[EventDate "2007.??.??"]

1. e4 e5 2. Nf3 Nc6 3. Bb5 a6 4. Ba4 Nf6 5. d3 b5 6. Bb3 Be7 7. Nc3 O-O 8. a4
Rb8 9. axb5 axb5 10. Bd5 Bc5 11. O-O Qe7 12. Bg5 h6 13. Bh4 Nd8 14. d4 Bxd4 15.
Nxd4 exd4 16. Qxd4 g5 17. Bg3 d6 18. f4 c5 19. Qd2 Nh7 20. fxg5 hxg5 21. Rae1
Rb6 22. e5 dxe5 23. Rxe5 Ne6 24. Rfe1 Qd8 25. Qf2 Nd4 26. Re8 Qf6 27. Qd2 Be6
28. Be5 Qh6 29. Rxf8+ Qxf8 30. Bxe6 Nxe6 31. Ne4 f6 32. Bd6 Qc8 33. Qd5 Kf7 34.
Ng3 Nhf8 35. Rf1 Qd8 36. Ne4 Kg6 37. Rxf6+ Kh7 38. Qf5+ Kg8 39. Bxf8 Nxf8 40.
Qxg5+ Kh8 41. Rh6+ 1-0

[Event "Politiken Cup 2007"]
[Site "Helsingor"]
[Date "2007.07.22"]
[Round "3.83"]
[White "Eklund, Joel"]
[Black "Pijlman, Rene"]
[Result "1-0"]
[WhiteElo "2067"]
[BlackElo "1854"]
[PlyCount "103"]
[EventDate "2007.??.??"]

1. d4 Nf6 2. c4 e6 3. Nc3 Bb4 4. Bg5 h6 5. Bh4 b6 6. e3 Bb7 7. f3 c5 8. a3
Bxc3+ 9. bxc3 d6 10. Bd3 Nbd7 11. Ne2 Qc7 12. O-O d5 13. cxd5 exd5 14. Qb1 O-O
15. e4 dxe4 16. fxe4 Rae8 17. Bg3 Qc6 18. d5 Qc8 19. Bd6 c4 20. Bc2 Bxd5 21.
Bxf8 Nxf8 22. Ng3 Bb7 23. Kh1 Ng6 24. Qb5 Re5 25. Qa4 a6 26. Rae1 b5 27. Qb4
Qg4 28. Qb1 Bc8 29. Qd1 Qh4 30. Qd8+ Re8 31. Qd4 Ng4 32. Qg1 N6e5 33. Nf5 Qg5
34. Nd6 Rd8 35. Nxc8 Rxc8 36. h3 Nf6 37. Qd4 Nfd7 38. Rf5 Qe7 39. a4 f6 40.
axb5 axb5 41. Qd5+ Kh8 42. Qxb5 Nc5 43. Rd1 Qc7 44. Rd5 Ncd3 45. Qb1 Rb8 46.
Rb5 Rxb5 47. Qxb5 Qa7 48. Bxd3 cxd3 49. Rxe5 d2 50. Re8+ Kh7 51. Qf5+ g6 52.
Qd5 1-0

[Event "Politiken Cup 2007"]
[Site "Helsingor"]
[Date "2007.07.22"]
[Round "3.84"]
[White "Sigurdsson, Pall"]
[Black "Getz, Nicolai"]
[Result "0-1"]
[WhiteElo "1893"]
[BlackElo "2060"]
[PlyCount "102"]
[EventDate "2007.??.??"]

1. e4 e6 2. d4 d5 3. Nd2 Nf6 4. e5 Nfd7 5. f4 c5 6. c3 Nc6 7. Ndf3 Qb6 8. Ne2
Be7 9. g3 O-O 10. Bg2 cxd4 11. cxd4 f6 12. Qb3 Bb4+ 13. Bd2 Bxd2+ 14. Kxd2 fxe5
15. fxe5 Qa6 16. Qd3 Qb6 17. Qb3 Qd8 18. Qc3 Nb6 19. b3 Bd7 20. Rac1 Rc8 21.
Qd3 Qe7 22. Rhf1 Nb4 23. Qb1 Bb5 24. Rxc8 Rxc8 25. Rc1 Nc6 26. Rc5 Bxe2 27.
Kxe2 Nxd4+ 28. Nxd4 Rxc5 29. Bh3 g6 30. Qf1 Rc6 31. Nxc6 bxc6 32. Qf4 Kg7 33.
Qg4 Kf7 34. a4 Nd7 35. Qf4+ Kg7 36. Qg4 Nxe5 37. Qxe6 Qxe6 38. Bxe6 Kf6 39. Bc8
a5 40. b4 Nc4 41. Bb7 axb4 42. Bxc6 Ke6 43. Bb5 Kd6 44. Kd3 Kc5 45. Kc2 Na3+
46. Kb3 Nxb5 47. axb5 Kxb5 48. h4 d4 49. g4 d3 50. h5 gxh5 51. gxh5 h6 0-1

[Event "Politiken Cup 2007"]
[Site "Helsingor"]
[Date "2007.07.22"]
[Round "3.85"]
[White "Mathiesen, Erik"]
[Black "Motzkus, Mikkel"]
[Result "0-1"]
[WhiteElo "2060"]
[BlackElo "1839"]
[PlyCount "82"]
[EventDate "2007.??.??"]

1. e4 c6 2. f4 d5 3. e5 h5 4. Nf3 Qb6 5. d4 Bf5 6. Bd3 Bxd3 7. Qxd3 e6 8. f5
exf5 9. Qxf5 Ne7 10. Qf4 Ng6 11. Qf5 Ne7 12. Qh3 Na6 13. O-O Nb4 14. Na3 g6 15.
c3 Nd3 16. Ng5 Nxe5 17. Be3 Ng4 18. Nxf7 Rg8 19. Bf4 Nf5 20. Ng5 Qxb2 21. Rae1+
Be7 22. Nb1 Qxa2 23. Qd3 Qc4 24. Qd2 Kd7 25. Na3 Bxa3 26. Nf7 Rgf8 27. Ng5 Bd6
28. Re6 Rae8 29. Bxd6 Nxd6 30. Rxf8 Rxf8 31. Qe1 Ne4 32. Nxe4 dxe4 33. Rxe4 Qf7
34. Re2 Re8 35. h3 Rxe2 36. Qxe2 Qf2+ 37. Qxf2 Nxf2 38. Kxf2 a5 39. Ke2 b5 40.
Kd2 Kd6 41. Kc2 a4 0-1

[Event "Politiken Cup 2007"]
[Site "Helsingor"]
[Date "2007.07.22"]
[Round "3.86"]
[White "Cromsight, Jeroen"]
[Black "Doran, Chris"]
[Result "0-1"]
[WhiteElo "1872"]
[BlackElo "2060"]
[PlyCount "70"]
[EventDate "2007.??.??"]

1. e4 c5 2. Nf3 d6 3. d4 cxd4 4. Nxd4 Nf6 5. Nc3 g6 6. f3 Nc6 7. Be3 Bg7 8. Qd2
O-O 9. Bc4 Bd7 10. O-O-O Rc8 11. Bb3 Ne5 12. h4 h5 13. Bh6 Bxh6 14. Qxh6 Rxc3
15. bxc3 Qa5 16. Kb1 b5 17. Qc1 Qxc3 18. Qb2 Qc7 19. Ka1 a5 20. a3 Rb8 21. Rb1
b4 22. axb4 axb4 23. Rbd1 Ra8+ 24. Kb1 Nc4 25. Bxc4 Qxc4 26. Nb3 Be6 27. Rd4
Qb5 28. Nc1 Ra4 29. c3 Bc4 30. Rhd1 b3 31. Nxb3 Bxb3 32. Rxa4 Qxa4 33. Rd4 Bc4
34. Qb4 Qa2+ 35. Kc1 Bb3 0-1

[Event "Politiken Cup 2007"]
[Site "Helsingor"]
[Date "2007.07.22"]
[Round "3.87"]
[White "Minguez Greciano, Iluminada"]
[Black "Sihvonen, Tero"]
[Result "0-1"]
[WhiteElo "1861"]
[BlackElo "2056"]
[PlyCount "120"]
[EventDate "2007.??.??"]

1. c4 e5 2. Nc3 Bb4 3. g3 Nc6 4. Bg2 Nf6 5. d3 O-O 6. e3 d5 7. cxd5 Nxd5 8.
Nge2 Nce7 9. O-O c6 10. e4 Nxc3 11. bxc3 Bd6 12. d4 f5 13. f3 Be6 14. Be3 Bc4
15. Re1 fxe4 16. fxe4 Qa5 17. Qc2 Rad8 18. Nc1 exd4 19. Nb3 Qxc3 20. Qxc3 dxc3
21. Bd4 Bb4 22. Bxa7 c2 23. Nd4 Bxe1 24. Rxe1 Rxd4 25. Bxd4 Rd8 26. Be3 Bxa2
27. Kf2 b5 28. Bg5 Kf7 29. Ra1 h6 30. Rxa2 hxg5 31. Rxc2 b4 32. Ke3 b3 33. Rb2
Rb8 34. Bf1 Kf6 35. Bc4 Ke5 36. Rxb3 Rxb3+ 37. Bxb3 Nc8 38. Ba4 c5 39. Bc6 Nd6
40. Bd5 Ne8 41. Kd3 Nf6 42. Kc4 Kd6 43. h3 Nh5 44. g4 Nf4 45. Bb7 Nxh3 46. e5+
Kxe5 47. Kxc5 Nf2 48. Kc4 Kf4 49. Kd4 Nxg4 50. Kd3 Ne5+ 51. Ke2 Kg3 52. Ke3 g4
53. Bc8 Kh2 54. Bb7 g3 55. Kf4 Ng6+ 56. Kg5 Nf8 57. Bd5 g2 58. Bxg2 Kxg2 59.
Kf5 Kf3 60. Kg5 g6 0-1

[Event "Politiken Cup 2007"]
[Site "Helsingor"]
[Date "2007.07.22"]
[Round "3.88"]
[White "Jensen, Mads"]
[Black "Hansen, Anders"]
[Result "1-0"]
[WhiteElo "1851"]
[BlackElo "2053"]
[PlyCount "77"]
[EventDate "2007.??.??"]

1. d4 Nf6 2. c4 c5 3. d5 e5 4. Nc3 d6 5. e4 Nbd7 6. Bd3 Be7 7. Nge2 h5 8. h3 h4
9. O-O a6 10. Qa4 Kf8 11. Nd1 g6 12. Bd2 Kg7 13. Ne3 Nh5 14. Bc3 f6 15. Ng4 b5
16. cxb5 c4 17. Bb1 Nb6 18. Qd1 axb5 19. Bb4 Na4 20. b3 Nb6 21. Ne3 Bd7 22. a3
Qc8 23. Nc3 Nf4 24. Qf3 cxb3 25. Ne2 g5 26. Nxf4 gxf4 27. Nf5+ Bxf5 28. exf5
Qg8 29. Qxb3 Rc8 30. Ba2 Qd8 31. Ba5 Rc5 32. Rfc1 Qc7 33. Rxc5 Qxc5 34. Rb1 Nc4
35. Qxb5 Nxa5 36. Qd7 Rf8 37. Qxe7+ Rf7 38. Qe8 f3 39. Rb4 1-0

[Event "Politiken Cup 2007"]
[Site "Helsingor"]
[Date "2007.07.22"]
[Round "3.89"]
[White "Jørgensen, Carina Eilegaard"]
[Black "Cannon, Raymond C"]
[Result "0-1"]
[WhiteElo "1726"]
[BlackElo "2050"]
[PlyCount "100"]
[EventDate "2007.??.??"]

1. e4 d6 2. Nf3 Nf6 3. Nc3 g6 4. d4 Bg7 5. Bb5+ c6 6. Bc4 O-O 7. O-O Nxe4 8.
Nxe4 d5 9. Bd3 dxe4 10. Bxe4 Nd7 11. c3 Qc7 12. Re1 c5 13. Bc2 e6 14. Bg5 Re8
15. Qd2 Nb6 16. Bf4 Qe7 17. Bb3 c4 18. Bc2 Nd5 19. Be5 f6 20. Bg3 Bd7 21. Re2
Qf8 22. Rae1 Bh6 23. Qd1 Rad8 24. Rf1 Bc6 25. Nd2 b5 26. f4 b4 27. Nb1 e5 28.
fxe5 Ne3 29. Rxf6 Qxf6 30. exf6 Nxd1 31. Bxd1 Be4 32. Ba4 Re6 33. Nd2 Bd5 34.
Rxe6 Bxe6 35. Bh4 Be3+ 36. Kf1 g5 37. Be1 bxc3 38. bxc3 Rb8 39. Bc6 Rb2 40. d5
Bf5 41. Ke2 Bf4 42. Be8 Bg4+ 43. Kf2 Bxd2 44. Kg3 Bxe1+ 45. Kxg4 Kf8 46. f7 Rd2
47. Kxg5 Rxd5+ 48. Kh6 Bd2+ 49. Kxh7 Rd6 50. g4 Rh6# 0-1

[Event "Politiken Cup 2007"]
[Site "Helsingor"]
[Date "2007.07.22"]
[Round "3.90"]
[White "Helgadottir, Sigridur Bjorg"]
[Black "Jorgensen, Arne Bjorn"]
[Result "1/2-1/2"]
[WhiteElo "1564"]
[BlackElo "2049"]
[PlyCount "44"]
[EventDate "2007.??.??"]

1. c4 Nf6 2. Nc3 g6 3. d4 Bg7 4. e4 d6 5. f3 O-O 6. Be3 e5 7. d5 a5 8. Qd2 Na6
9. O-O-O Bd7 10. g4 Rb8 11. h4 Qe7 12. Nge2 Nc5 13. Ng3 a4 14. Kb1 b6 15. h5
Ne8 16. Bh6 f6 17. hxg6 hxg6 18. Be2 Kf7 19. Bxg7 Nxg7 20. Rh7 Rh8 21. Rdh1
Rxh7 22. Rxh7 Rg8 1/2-1/2

[Event "Politiken Cup 2007"]
[Site "Helsingor"]
[Date "2007.07.22"]
[Round "3.91"]
[White "Markgraf, Claudia"]
[Black "Palsson, Svanberg Mar"]
[Result "0-1"]
[WhiteElo "2049"]
[BlackElo "1817"]
[PlyCount "88"]
[EventDate "2007.??.??"]

1. e4 c5 2. Nc3 e6 3. g3 Nc6 4. Bg2 g6 5. d3 Bg7 6. Be3 b6 7. Qd2 Bb7 8. Nh3
Nge7 9. Bh6 O-O 10. Bxg7 Kxg7 11. f4 d5 12. e5 d4 13. Nd1 Nf5 14. Nhf2 Ne3 15.
Ne4 Nb4 16. Nxe3 dxe3 17. Qc1 Nxd3+ 18. cxd3 Qxd3 19. Qd1 Bxe4 20. Qxd3 Bxd3
21. Bxa8 Rxa8 22. O-O-O c4 23. b3 b5 24. Kb2 Rc8 25. bxc4 bxc4 26. Kc3 Kh6 27.
Rhe1 e2 28. Rxd3 cxd3+ 29. Kxd3 Kh5 30. Rxe2 Kg4 31. Rb2 Kh3 32. Rb7 Kxh2 33.
Rxa7 Rf8 34. Ke4 Kxg3 35. Rb7 h5 36. Rb3+ Kg4 37. Rb1 Ra8 38. Rg1+ Kh3 39. Ra1
Ra3 40. Kd4 Kg2 41. Kc4 h4 42. Kb4 Rf3 43. a4 Rxf4+ 44. Kc5 h3 0-1

[Event "Politiken Cup 2007"]
[Site "Helsingor"]
[Date "2007.07.22"]
[Round "3.92"]
[White "Jensen, Hans Askov"]
[Black "Jensen, Ib"]
[Result "0-1"]
[WhiteElo "1319"]
[BlackElo "2047"]
[PlyCount "60"]
[EventDate "2007.??.??"]

1. e4 Nc6 2. d4 d5 3. e5 Bf5 4. Nf3 e6 5. Bd3 Bxd3 6. Qxd3 Nge7 7. Bg5 Qd7 8.
c3 Nf5 9. Nbd2 h6 10. Bf4 Be7 11. h4 g6 12. g4 Ng7 13. Qe3 h5 14. Bh6 Bf8 15.
Bxg7 Bxg7 16. Qg5 hxg4 17. Qxg4 O-O-O 18. O-O-O Rh5 19. Kb1 Ne7 20. Nf1 Nc6 21.
Ng3 Rh7 22. Ng5 Rhh8 23. h5 gxh5 24. Nxh5 Rhg8 25. Qf3 Bxe5 26. dxe5 Rxg5 27.
c4 Rf5 28. Qb3 Rxe5 29. Nf6 Qd6 30. Rh6 dxc4 0-1

[Event "Politiken Cup 2007"]
[Site "Helsingor"]
[Date "2007.07.22"]
[Round "3.93"]
[White "Rosenkilde, Alexander"]
[Black "Meier, Lars"]
[Result "1-0"]
[WhiteElo "2047"]
[BlackElo "1744"]
[PlyCount "89"]
[EventDate "2007.??.??"]

1. d4 c5 2. c4 cxd4 3. Nf3 Nc6 4. Nxd4 Nxd4 5. Qxd4 Nf6 6. g3 d5 7. Bg2 e6 8.
O-O b6 9. cxd5 exd5 10. Nc3 Bc5 11. Qe5+ Be6 12. Bg5 Bd6 13. Qd4 Be7 14. Rfd1
O-O 15. Qd2 Rc8 16. Rac1 Bb4 17. Qf4 Bxc3 18. Rxc3 Rxc3 19. bxc3 h6 20. Bxf6
Qxf6 21. Qxf6 gxf6 22. Bxd5 Rd8 23. e4 f5 24. f3 fxe4 25. fxe4 Kf8 26. Rd4 Bxd5
27. exd5 Ke7 28. Kf2 Kd6 29. Ke3 Kc5 30. c4 f5 31. Kd3 b5 32. cxb5 Kxb5 33. a4+
Kc5 34. Rc4+ Kd6 35. Kd4 Re8 36. Rc6+ Kd7 37. Rxh6 Re4+ 38. Kc5 Rxa4 39. Rh7+
Kd8 40. Kd6 Ra6+ 41. Ke5 Ra5 42. h4 a6 43. h5 Ra3 44. Rg7 a5 45. h6 1-0